10 Biggest Cities in Each Country in the World - Statistics

General Stats
  • This quiz has been taken 639 times
  • The average score is 300 of 1908
Answers on the Map
Answers color-coded by a green-red scale on the quiz's map according to % correct below.
 
Answer Stats
Country Population answer % Correct
USA 8,258,035 New York
87%
Fiji 15,846 Ba
86%
Sierra Leone 223,075 Bo
86%
USA 3,820,914 Los Angeles
85%
USA 2,664,452 Chicago
83%
Ivory Coast 149,041 Man
83%
United Kingdom 8,776,535 London
82%
Canada 2,426,160 Vancouver
82%
Montenegro 15,868 Bar
81%
Canada 5,647,656 Toronto
81%
Mexico 8,843,706 Ciudad de México
80%
USA 1,302,868 Dallas
80%
USA 2,314,157 Houston
79%
Spain 3,422,416 Madrid
78%
Canada 3,675,219 Montréal
78%
Venezuela 454,200 Barcelona
77%
Spain 1,686,208 Barcelona
77%
Argentina 15,172,700 Buenos Aires
77%
Kyrgyzstan 315,881 Osh
77%
France 2,113,705 Paris
77%
Yemen 1,707,531 Ṣan'ā'
77%
Germany 3,596,999 Berlin
76%
Chile 6,160,040 Santiago
76%
Brazil 2,877,690 Brasília
75%
Ireland 1,263,219 Dublin
75%
Canada 1,068,821 Ottawa
75%
Italy 2,754,719 Roma
75%
USA 1,388,320 San Diego
75%
Micronesia 3,192 U
75%
Colombia 7,876,000 Bogotá
74%
Peru 11,166,200 Lima
74%
Russia 13,010,112 Moskva
74%
Portugal 231,800 Porto
74%
Australia 5,041,275 Sydney
74%
Portugal 545,796 Lisboa
73%
USA 1,550,542 Philadelphia
73%
Cuba 2,137,847 La Habana
72%
United Kingdom 470,411 Manchester
72%
Germany 1,478,638 München
72%
Brazil 11,877,700 São Paulo
72%
China 18,960,744 Bĕijīng
71%
Canada 1,151,635 Edmonton
71%
United Kingdom 631,690 Glasgow
71%
Turkey 15,244,936 İstanbul
71%
France 520,774 Lyon
71%
Italy 1,371,850 Milano
71%
USA 1,650,070 Phoenix
71%
Brazil 6,729,830 Rio de Janeiro
71%
Japan 9,733,276 Tōkyō
71%
United Kingdom 1,121,408 Birmingham
70%
Belgium 196,828 Bruxelles
70%
United Kingdom 505,310 Edinburgh
70%
Denmark 1,378,649 København
70%
Bolivia 758,845 La Paz
70%
United Kingdom 506,552 Liverpool
70%
France 877,215 Marseille
70%
Australia 5,103,528 Melbourne
70%
Italy 911,697 Napoli
70%
Norway 1,098,061 Oslo
70%
Poland 1,861,599 Warszawa
70%
Netherlands 1,136,210 Amsterdam
69%
Canada 1,305,550 Calgary
69%
Germany 1,808,846 Hamburg
69%
Ukraine 2,952,301 Kyïv
69%
Australia 2,289,366 Perth
69%
Ecuador 1,763,275 Quito
69%
China 21,909,814 Shànghăi
69%
Sweden 1,809,412 Stockholm
69%
Venezuela 1,585,500 Valencia
69%
Spain 824,340 València
69%
Austria 2,005,760 Wien
69%
Turkey 5,186,002 Ankara
68%
Egypt 9,801,536 Cairo
68%
Venezuela 2,087,700 Caracas
68%
Finland 674,500 Helsinki
68%
India 18,394,912 Mumbai
68%
New Zealand 212,000 Wellington
68%
Greece 3,146,164 Athínai
67%
New Zealand 1,440,300 Auckland
67%
Switzerland 136,988 Bern
67%
India 16,349,831 Delhi
67%
Germany 743,268 Frankfurt am Main
67%
Czechia 1,301,432 Praha
67%
Canada 733,156 Québec
67%
USA 1,495,295 San Antonio
67%
South Sudan 25,188 Bor
65%
Australia 2,622,585 Brisbane
65%
Romania 1,716,961 București
65%
Hungary 1,685,342 Budapest
65%
Mexico 1,385,621 Guadalajara
65%
Bhutan 6,243 Jakar
65%
Indonesia 9,607,787 Jakarta
65%
Germany 1,017,355 Köln
65%
United Kingdom 536,321 Leeds
65%
Philippines 25,439,818 Manila
65%
Uruguay 1,287,452 Montevideo
65%
France 353,701 Nice
65%
Costa Rica 1,453,500 San José
65%
South Korea 9,586,195 Seoul
65%
Bulgaria 1,196,806 Sofija
65%
Australia 1,426,803 Adelaide
64%
South Africa 3,430,992 Cape Town
64%
Panama 1,132,969 Ciudad de Panamá
64%
Ireland 222,526 Cork
64%
Jamaica 584,627 Kingston
64%
Belarus 1,995,471 Minsk
64%
Iran 8,693,706 Tehrān
64%
Switzerland 433,989 Zürich
64%
Morocco 3,218,036 Casablanca
63%
Guatemala 923,392 Ciudad de Guatemala
63%
Bangladesh 10,295,786 Dhaka
63%
UAE 3,291,166 Dubayy
63%
Italy 363,837 Firenze
63%
USA 985,843 Jacksonville
63%
South Africa 7,860,781 Johannesburg
63%
Japan 2,752,412 Ōsaka
63%
Egypt 5,362,517 Alexandria
62%
Saudi Arabia 6,924,566 Ar-Riyāḍ
62%
France 265,328 Bordeaux
62%
Australia 503,402 Canberra
62%
Switzerland 206,635 Genève
62%
Italy 846,926 Torino
62%
Croatia 663,592 Zagreb
62%
Palestine 281,163 Al-Quds
61%
Paraguay 462,241 Asunción
61%
Iraq 6,719,476 Baghdad
61%
China 16,096,724 Guăngzhōu
61%
Vietnam 3,605,364 Ha Noi
61%
Israel 966,210 Jerusalem
61%
Togo 94,878 Kara
61%
India 14,057,991 Kolkata
61%
Poland 806,201 Kraków
61%
Thailand 5,666,264 Krung Thep
61%
Haiti 875,978 Port-au-Prince
61%
Latvia 663,012 Rīga
61%
Netherlands 868,135 Rotterdam
61%
Tunisia 599,368 Tūnis
61%
UAE 3,970,000 Abū Ẓaby
60%
Algeria 2,364,230 Algiers
60%
Belgium 544,759 Antwerpen
60%
Pakistan 1,108,872 Islāmābād
60%
Pakistan 18,868,021 Karāchi
60%
Nigeria 5,195,247 Lagos
60%
Bahamas 246,329 Nassau
60%
Dominican Republic 2,752,784 Santo Domingo
60%
Singapore 6,036,860 Singapore
60%
Bolivia 238,798 Sucre
60%
Estonia 439,632 Tallinn
60%
Vietnam 7,004,921 Thanh Pho Ho Chi Minh
60%
Lebanon 450,000 Tripoli
60%
Libya 1,063,571 Tripoli
60%
Serbia 1,197,714 Beograd
59%
Guyana 118,369 Georgetown
59%
Bahamas 1,437 George Town
59%
Afghanistan 4,434,600 Kābul
59%
Italy 628,894 Palermo
59%
Morocco 515,619 Rabat
59%
Russia 5,601,911 Sankt-Peterburg
59%
Bosnia and Herzegovina 348,363 Sarajevo
59%
Lithuania 592,156 Vilnius
59%
China 10,494,879 Wŭhàn
59%
Democratic Republic of the Congo 7,273,947 Kinshasa
58%
Luxembourg 134,697 Luxembourg
58%
Colombia 2,553,600 Medellín
58%
Kenya 4,397,073 Nairobi
58%
North Korea 2,521,785 P'yŏngyang
58%
Iceland 135,714 Reykjavík
58%
Taiwan 2,594,581 Taibei
58%
Mexico 1,810,645 Tijuana
58%
Slovakia 478,040 Bratislava
57%
Germany 611,258 Düsseldorf
57%
Italy 561,947 Genova
57%
Mexico 1,142,952 Monterrey
57%
Ukraine 1,010,537 Odesa
57%
El Salvador 316,090 San Salvador
57%
Albania 418,495 Tiranë
57%
France 511,684 Toulouse
57%
Canada 758,515 Winnipeg
57%
Azerbaijan 1,291,000 Baku
56%
New Zealand 377,900 Christchurch
56%
Syria 1,414,913 Dimashq
56%
Poland 487,371 Gdańsk
56%
Malaysia 1,588,750 Kuala Lumpur
56%
South Africa 1,763,336 Pretoria
56%
Kazakhstan 1,354,507 Astana
55%
Angola 6,759,313 Luanda
55%
Saudi Arabia 2,385,509 Makkah
55%
Jamaica 182,153 Portmore
55%
Qatar 872,048 Ad-Dawḥah
54%
Lebanon 1,650,000 Beirut
54%
India 8,520,435 Bengaluru
54%
Norway 272,125 Bergen
54%
India 8,653,521 Chennai
54%
Senegal 3,186,088 Dakar
54%
India 7,677,018 Hyderābād
54%
Pakistan 1,921,275 Hyderābād
54%
Sudan 1,410,858 Khartoum
54%
Pakistan 13,004,135 Lāhore
54%
Spain 592,346 Málaga
54%
Sweden 339,316 Malmö
54%
Papua New Guinea 364,125 Port Moresby
54%
Austria 157,399 Salzburg
54%
Spain 686,741 Sevilla
54%
Germany 610,458 Stuttgart
54%
Ghana 2,070,463 Accra
53%
Ethiopia 3,860,000 Addis Ababa
53%
Jordan 1,812,059 Ammān
53%
United Kingdom 425,232 Bristol
53%
Moldova 532,513 Chișinău
53%
Sri Lanka 561,314 Colombo
53%
Argentina 1,612,100 Córdoba
53%
Sweden 725,729 Göteborg
53%
France 238,695 Lille
53%
Nicaragua 1,055,111 Managua
53%
Brazil 2,257,580 Manaus
53%
Somalia 1,650,227 Mogadishu
53%
North Macedonia 422,540 Skopje
53%
Uzbekistan 2,956,384 Toshkent
53%
China 9,392,938 Xī'ān
53%
Armenia 1,086,677 Yerevan
53%
South Korea 3,349,016 Busan
52%
Nepal 862,400 Kathmandu
52%
Japan 1,463,723 Kyōto
52%
Slovenia 284,293 Ljubljana
52%
United Kingdom 500,552 Sheffield
52%
Greece 802,392 Thessaloníki
52%
Belize 21,974 Belmopan
51%
Brazil 2,416,339 Belo Horizonte
51%
Italy 390,518 Bologna
51%
Turkey 2,948,160 İzmir
51%
Maldives 137,238 Malé
51%
France 325,070 Nantes
51%
Suriname 240,924 Paramaribo
51%
Cambodia 2,189,460 Phnom Penh
51%
France 291,709 Strasbourg
51%
Honduras 1,132,000 Tegucigalpa
51%
Seychelles 29,664 Victoria
51%
Spain 691,037 Zaragoza
51%
Madagascar 1,274,225 Antananarivo
50%
Colombia 2,234,400 Cali
50%
China 13,568,357 Chéngdū
50%
Sierra Leone 609,174 Freetown
50%
Austria 302,749 Graz
50%
Saudi Arabia 3,712,917 Jiddah
50%
Japan 1,973,395 Sapporo
50%
Croatia 149,830 Split
50%
Mongolia 1,466,431 Ulaanbaatar
50%
Liechtenstein 5,747 Vaduz
50%
Saudi Arabia 1,411,599 Al-Madīnah
49%
Republic of the Congo 2,138,236 Brazzaville
49%
Ukraine 1,421,125 Charkiv
49%
Djibouti 776,966 Djibouti
49%
Monaco 37,308 Monaco
49%
Japan 2,332,176 Nagoya
49%
Spain 438,234 Palma
49%
Montenegro 173,024 Podgorica
49%
Trinidad and Tobago 37,074 Port of Spain
49%
Kosovo 145,149 Prishtinë
49%
Brazil 1,587,707 Recife
49%
Netherlands 851,010 s-Gravenhage
49%
Georgia 1,154,314 Tbilisi
49%
Italy 316,212 Bari
48%
Kyrgyzstan 1,103,562 Bishkek
48%
Germany 575,071 Bremen
48%
South Africa 2,786,046 Durban
48%
Zimbabwe 1,491,754 Harare
48%
Germany 598,899 Leipzig
48%
Morocco 1,014,813 Marrakech
48%
Lebanon 125,000 Tyre
48%
India 6,357,693 Ahmadābād
47%
Andorra 20,719 Andorra la Vella
47%
Mali 4,227,569 Bamako
47%
Switzerland 176,329 Basel
47%
Germany 598,246 Dortmund
47%
Australia 526,515 Newcastle
47%
Brazil 2,568,928 Salvador
47%
Kazakhstan 2,161,797 Almaty
46%
Belize 65,222 Belize
46%
Mexico 1,501,551 Ciudad Juárez
46%
Ukraine 901,645 Donec'k
46%
Syria 2,132,100 Ḥalab
46%
New Zealand 179,900 Hamilton
46%
Canada 729,560 Hamilton
46%
Uganda 1,680,600 Kampala
46%
Poland 652,015 Łódź
46%
Ukraine 717,273 L'viv
46%
Cyprus 56,479 Nicosia
46%
Bolivia 1,442,396 Santa Cruz
46%
Oman 83,763 Ṣūr
46%
China 11,052,404 Tiānjīn
46%
Namibia 486,186 Windhoek
46%
UAE 5,823 Al-Manāmah
45%
Belgium 119,869 Brugge
45%
China 9,580,819 Chóngqìng
45%
Australia 735,213 Gold Coast
45%
Ecuador 2,650,288 Guayaquil
45%
Austria 132,188 Innsbruck
45%
Bahrain 143,035 Manama
45%
Myanmar 4,728,524 Yangon
45%
Denmark 295,688 Aarhus
44%
Turkmenistan 1,030,063 Aşgabat
44%
Tanzania 5,383,728 Dar es Salaam
44%
Belgium 269,597 Gent
44%
Mozambique 1,080,277 Maputo
44%
Liberia 1,021,762 Monrovia
44%
Chad 951,418 Ndjamena
44%
China 17,444,609 Shēnzhèn
44%
Vatican City 453 Vatican City
44%
Cameroon 1,817,524 Yaoundé
44%
Czechia 398,510 Brno
43%
East Timor 267,623 Dili
43%
Brazil 2,574,412 Fortaleza
43%
Palestine 631,215 Ghazzah
43%
South Sudan 230,195 Juba
43%
Rwanda 859,332 Kigali
43%
Ireland 102,287 Limerick
43%
Austria 211,944 Linz
43%
Zambia 2,212,301 Lusaka
43%
Fiji 185,913 Suva
43%
Eritrea 380,568 Asmara
42%
Guinea 1,660,973 Conakry
42%
Tanzania 765,179 Dodoma
42%
Tajikistan 1,201,800 Dušanbe
42%
Ireland 85,910 Galway
42%
Gabon 703,940 Libreville
42%
Netherlands 396,315 Utrecht
42%
Laos 620,157 Vientiane
42%
Poland 673,743 Wrocław
42%
Ivory Coast 4,395,243 Abidjan
41%
Turkey 1,322,766 Antalya
41%
Samoa 35,974 Apia
41%
Barbados 98,511 Bridgetown
41%
Peru 492,400 Cusco
41%
St Vincent and the Grenadines 13857 Kingstown
41%
Burkina Faso 2,415,266 Ouagadougou
41%
Norway 198,777 Trondheim
41%
Japan 3,777,491 Yokohama
41%
Central African Republic 812,407 Bangui
40%
Guinea-Bissau 387,909 Bissau
40%
Bangladesh 3,230,507 Chittagong
40%
Russia 1,544,376 Jekaterinburg
40%
Nigeria 2,166,554 Kano
40%
Russia 1,308,660 Kazan'
40%
United Kingdom 406,588 Leicester
40%
Belgium 195,778 Liège
40%
Venezuela 2,262,600 Maracaibo
40%
Niger 978,029 Niamey
40%
Russia 1,633,595 Novosibirsk
40%
Mexico 1,542,232 Puebla
40%
Argentina 1,339,500 Rosario
40%
Morocco 1,275,428 Tanger
40%
Kenya 1,208,333 Mombasa
39%
Benin 264,320 Porto-Novo
39%
Cape Verde 11,138 Porto Novo
39%
Indonesia 2,765,487 Surabaya
39%
Gambia 31,054 Banjul
38%
South Africa 464,591 Bloemfontein
38%
Greece 162,600 Irákleion
38%
Togo 1,477,658 Lomé
38%
St Vincent and the Grenadines 847 Port Elizabeth
38%
South Africa 876,436 Port Elizabeth
38%
India 5,057,709 Pune
38%
Sao Tome and Principe 66,888 São Tomé
38%
Bahrain 47,529 A'ali
37%
Colombia 1,322,900 Barranquilla
37%
Italy 298,209 Catania
37%
Ukraine 968,502 Dnipro
37%
Iran 1,961,260 Eṣfahān
37%
Botswana 246,325 Gaborone
37%
Egypt 4,458,135 Giza
37%
Malawi 989,318 Lilongwe
37%
Russia 1,226,076 Nižnij Novgorod
37%
Mauritius 140,403 Port-Louis
37%
Cape Verde 137,868 Praia
37%
Argentina 512,000 San Juan
37%
Trinidad and Tobago 15,772 San Juan
37%
Finland 255,050 Tampere
37%
Bhutan 114,551 Thimphu
37%
Yemen 588,938 Adan
36%
Colombia 931,500 Cartagena
36%
St Lucia 35,883 Castries
36%
Japan 1,612,392 Fukuoka
36%
Israel 282,832 Haifa
36%
Solomon Islands 130,176 Honiara
36%
Switzerland 144,160 Lausanne
36%
France 307,101 Montpellier
36%
Mauritania 1,446,761 Nouakchott
36%
Finland 201,863 Turku
36%
Libya 618,325 Benghazi
35%
Brazil 1,829,225 Curitiba
35%
Tuvalu 6,025 Funafuti
35%
Burundi 41,944 Gitega
35%
India 3,046,163 Jaipur
35%
Lithuania 304,210 Kaunas
35%
Japan 1,525,152 Kōbe
35%
Mongolia 42,423 Mörön
35%
Serbia 260,438 Novi Sad
35%
Algeria 803,329 Oran
35%
Bulgaria 325,485 Plovdiv
35%
Poland 538,439 Poznań
35%
Dominica 14,725 Roseau
35%
Denmark 120,700 Aalborg
34%
Spain 358,608 Alicante
34%
Iraq 1,340,827 Basra
34%
Netherlands 320,365 Eindhoven
34%
Iraq 1,361,819 Mosul
34%
Spain 471,982 Murcia
34%
Vanuatu 49034 Port-Vila
34%
Ukraine 485,386 Sevastopol'
34%
Bulgaria 314,607 Varna
34%
Indonesia 2,394,873 Bandung
33%
St Kitts and Nevis 13220 Basseterre
33%
Philippines 2,565,158 Cebu
33%
Morocco 1,182,963 Fès
33%
Netherlands 218,105 Groningen
33%
South Korea 2,945,454 Incheon
33%
Lesotho 343,541 Maseru
33%
Tonga 21,185 Nuku'alofa
33%
Sweden 178,098 Uppsala
33%
Chile 901,468 Valparaíso
33%
Brunei 266,682 Bandar Seri Begawan
32%
Belarus 342,461 Brest
32%
Turkey 2,051,464 Bursa
32%
Mexico 1,579,803 León
32%
Nicaragua 177,270 León
32%
Eswatini 60,691 Mbabane
32%
Belgium 204,322 Charleroi
31%
Finland 314,024 Espoo
31%
Equatorial Guinea 132,440 Malabo
31%
Comoros 74,749 Moroni
31%
Finland 214,633 Oulu
31%
India 4,591,246 Sūrat
31%
Micronesia 4,579 Tol
31%
Russia 1,144,809 Ufa
31%
Nauru 803 Yaren
31%
Peru 1,125,400 Arequipa
30%
Benin 679,012 Cotonou
30%
South Korea 2,410,700 Daegu
30%
Marshall Islands 14,149 Delap-Uliga-Darrit
30%
Denmark 183,763 Odense
30%
Micronesia 6,647 Palikir
30%
Antigua and Barbuda 22,219 Saint John's
30%
Portugal 146,543 Braga
29%
Burundi 497,166 Bujumbura
29%
Hungary 199,858 Debrecen
29%
Cameroon 1,906,962 Douala
29%
Myanmar 1,225,546 Mandalay
29%
Indonesia 2,097,610 Medan
29%
Egypt 791,749 Port Said
29%
Pakistan 3,357,612 Rāwalpindi
29%
Russia 1,173,299 Samara
29%
Norway 239,055 Stavanger
29%
Moldova 133,807 Tiraspol
29%
Ivory Coast 212,670 Yamoussoukro
29%
Nigeria 762,719 Benin City
28%
Russia 1,189,525 Čeljabinsk
28%
Vietnam 988,561 Da Nang
28%
Albania 113,249 Durrës
28%
Slovakia 225,044 Košice
28%
Argentina 1,053,500 Mendoza
28%
Palau 271 Ngerulmud
28%
Grenada 4315 Saint George’s
28%
Egypt 716,458 Suez
28%
Ireland 60,079 Waterford
28%
Romania 286,598 Cluj-Napoca
27%
Pakistan 3,691,999 Faisalābād
27%
Nigeria 1,835,300 Ibadan
27%
Poland 329,565 Lublin
27%
Democratic Republic of the Congo 1,283,380 Lubumbashi
27%
Iran 3,001,184 Mashhad
27%
Nigeria 703,421 Port Harcourt
27%
Estonia 106,295 Tartu
27%
Turkey 1,779,463 Adana
26%
Romania 263,688 Constanța
26%
Philippines 1,579,381 Davao
26%
Serbia 178,976 Niš
26%
Czechia 282,450 Ostrava
26%
Czechia 174,007 Plzeň
26%
Uzbekistan 572,835 Samarqand
26%
Belize 16,117 San Pedro
26%
Ivory Coast 164,944 San-Pédro
26%
Iran 1,565,572 Shīrāz
26%
Iran 1,558,693 Tabrīz
26%
Morocco 504,768 Agadir
25%
Iraq 879,071 Erbil‎
25%
Turkey 1,680,723 Gaziantep
25%
Belarus 501,802 Homieĺ
25%
Afghanistan 523,300 Kandahār
25%
Ghana 2,035,064 Kumasi
25%
Slovenia 96,302 Maribor
25%
Argentina 540,200 Santa Fe
25%
Tunisia 286,636 Sfax
25%
Romania 250,849 Timișoara
25%
Tanzania 709,809 Zanzibar
25%
Bosnia and Herzegovina 135,059 Banja Luka
24%
Bulgaria 188,114 Burgas
24%
Brazil 1,492,330 Goiânia
24%
Cyprus 107,970 Limassol
24%
Malta 25,152 Mosta
24%
Saudi Arabia 1,386,166 Ad-Dammām
23%
Bolivia 632,013 Cochabamba
23%
New Zealand 102,400 Dunedin
23%
Romania 271,692 Iași
23%
Greece 196,937 Pátrai
23%
Chile 352,638 Antofagasta
22%
Thailand 127,240 Chiang Mai
22%
Russia 1,187,771 Krasnojarsk
22%
Bosnia and Herzegovina 60,195 Mostar
22%
Iran 1,201,158 Qom
22%
Croatia 107,964 Rijeka
22%
Honduras 701,200 San Pedro Sula
22%
Cuba 431,411 Santiago de Cuba
22%
Australia 407,859 Sunshine Coast
22%
Georgia 169,095 Batumi
21%
Portugal 105,590 Funchal
21%
Taiwan 2,734,275 Gaoxiong
21%
Syria 652,609 Ḥimṣ
21%
Lithuania 159,403 Klaipėda
21%
Greece 146,374 Lárisa
21%
Sudan 394,561 Port Sudan
21%
Ukraine 710,052 Zaporižžja
21%
Latvia 75,617 Daugavpils
20%
Nicaragua 106,719 Granada
20%
Sweden 104,211 Jönköping
20%
Austria 104,866 Klagenfurt am Wörthersee
20%
Turkey 1,365,287 Konya
20%
Norway 67,372 Kristiansand
20%
Sweden 120,109 Linköping
20%
Switzerland 63,495 Lugano
20%
Switzerland 85,534 Luzern
20%
Pakistan 1,905,975 Peshāwar
20%
Croatia 52,220 Pula
20%
El Salvador 155,958 San Miguel
20%
Liechtenstein 6,027 Schaan
20%
Tunisia 250,540 Sousse
20%
Croatia 67,309 Zadar
20%
Cuba 213,375 Guantánamo
19%
Netherlands 208,270 Haarlem
19%
Kosovo 48,962 Pejë
19%
Argentina 644,400 Salta
19%
Switzerland 78,213 St. Gallen
19%
Poland 389,066 Szczecin
19%
Moldova 97,930 Bălți
18%
Poland 291,688 Białystok
18%
Maldives 4,815 Gamu
18%
Afghanistan 574,300 Herāt
18%
Indonesia 1,331,391 Makassar
18%
Jamaica 110,115 Montego Bay
18%
Hungary 139,330 Pécs
18%
Pakistan 1,565,546 Quetta
18%
Peru 1,025,100 Trujillo
18%
Mali 21,914 Bla
17%
Romania 237,589 Brașov
17%
Portugal 106,655 Coimbra
17%
El Salvador 91,212 Colón
17%
Panama 159,157 Colón
17%
Chile 722,929 Concepción
17%
South Korea 1,477,573 Gwangju
17%
Hungary 127,599 Győr
17%
Sweden 116,029 Helsingborg
17%
Argentina 852,800 La Plata
17%
Taiwan 3,033,840 Taizhong
17%
Iceland 19,542 Akureyri
16%
Peru 430,700 Iquitos
16%
Canada 522,888 Kitchener
16%
Belgium 114,142 Namur
16%
Republic of the Congo 1,398,812 Pointe-Noire
16%
Finland 247,443 Vantaa
16%
Philippines 1,598,955 Angeles
15%
Somalia 70,000 Baran
15%
Algeria 448,028 Constantine
15%
China 9,644,871 Dōngguān
15%
Somalia 741,000 Hargeisa
15%
Vietnam 351,456 Hue
15%
Democratic Republic of the Congo 682,599 Kisangani
15%
Belgium 104,009 Leuven
15%
Estonia 53,539 Narva
15%
Sudan 1,849,659 Omdurman
15%
Sweden 129,116 Örebro
15%
Indonesia 1,440,678 Palembang
15%
Cambodia 225,607 Siem Reap
15%
Sri Lanka 107,925 Sri Jayawardenepura Kotte
15%
Hungary 158,797 Szeged
15%
Belarus 359,148 Viciebsk
15%
Venezuela 1,089,100 Barquisimeto
14%
Colombia 605,000 Bucaramanga
14%
Poland 326,434 Bydgoszcz
14%
Greece 90,185 Chanía
14%
South Korea 1,488,435 Daejeon
14%
Denmark 71,505 Esbjerg
14%
Belarus 358,717 Hrodna
14%
Malaysia 809,900 Johor Baharu
14%
Iceland 21,847 Keflavík
14%
Palau 8744 Koror
14%
Czechia 104,340 Liberec
14%
Argentina 626,300 Mar del Plata
14%
Democratic Republic of the Congo 1,213,726 Mbuji-Mayi
14%
Pakistan 2,215,381 Multān
14%
Ukraine 470,011 Mykolaïv
14%
Cape Verde 8,400 Santa Maria
14%
Kazakhstan 1,192,120 Shymkent
14%
Taiwan 1,875,076 Tainan
14%
Netherlands 218,130 Tilburg
14%
Switzerland 119,315 Winterthur
14%
Belgium 126,581 Anderlecht
13%
Switzerland 55,932 Biel
13%
Angola 550,000 Cabinda
13%
Romania 234,140 Craiova
13%
Norway 124,540 Drammen
13%
Luxembourg 37,455 Esch-sur-Alzette
13%
Romania 217,851 Galați
13%
Syria 312,994 Ḥamāh
13%
Sri Lanka 98,828 Kandy
13%
Iraq 972,272 Kirkuk
13%
Papua New Guinea 148,934 Lae
13%
Finland 120,693 Lahti
13%
Cyprus 52,046 Larnaca
13%
Netherlands 273,720 Leiden
13%
Czechia 106,063 Olomouc
13%
Croatia 75,535 Osijek
13%
Kosovo 85,119 Prizren
13%
Bulgaria 122,116 Ruse
13%
El Salvador 198,251 Santa Ana
13%
Portugal 98,470 Setúbal
13%
South Korea 1,135,423 Ulsan
13%
Sweden 131,643 Västerås
13%
Albania 79,513 Vlorë
13%
Malawi 800,264 Blantyre
12%
Paraguay 325,819 Ciudad del Este
12%
Bolivia 846,880 El Alto
12%
Pakistan 2,511,118 Gujrānwāla
12%
Vietnam 841,520 Hai Phong
12%
Finland 147,746 Jyväskylä
12%
Sweden 98,308 Lund
12%
Belarus 353,338 Mahiloǔ
12%
Venezuela 464,700 Maracay
12%
Bolivia 176,022 Potosí
12%
Uruguay 114,084 Salto
12%
Argentina 902,200 San Miguel de Tucumán
12%
Indonesia 1,520,481 Semarang
12%
Albania 76,000 Shkodër
12%
Austria 65,600 Villach
12%
Namibia 102,704 Walvis Bay
12%
Tanzania 617,631 Arusha
11%
Equatorial Guinea 132,235 Bata
11%
Israel 211,251 Beersheba
11%
Angola 555,124 Benguela
11%
Guinea-Bissau 9,010 Bula
11%
Azerbaijan 299,100 Ganja
11%
Greece 88,226 Ioánnina
11%
Japan 1,538,262 Kawasaki
11%
Finland 124,021 Kuopio
11%
Spain 383,516 Las Palmas de Gran Canaria
11%
Turkey 1,040,507 Mersin
11%
Hungary 147,533 Miskolc
11%
North Macedonia 38,818 Ohrid
11%
Cyprus 37,991 Paphos
11%
Belarus 124,613 Pinsk
11%
Denmark 52,974 Roskilde
11%
Japan 1,324,025 Saitama
11%
Cuba 217,907 Santa Clara
11%
Greece 127,441 Vólos
11%
Iran 1,184,788 Ahvāz
10%
Norway 55,684 Ålesund
10%
Chile 204,078 Arica
10%
Zimbabwe 665,952 Bulawayo
10%
Uzbekistan 266,600 Buxoro
10%
Australia 348,435 Central Coast
10%
Czechia 95,664 České Budějovice
10%
Netherlands 224,440 Dordrecht
10%
North Korea 703,610 Hamhŭng
10%
Nigeria 993,642 Kaduna
10%
Ukraine 603,904 Kryvyj Rih
10%
Latvia 65,961 Liepāja
10%
Laos 66,781 Luangprabang
10%
Tanzania 1,104,521 Mwanza
10%
Estonia 18,732 Pärnu
10%
Romania 180,540 Ploiești
10%
Senegal 254,171 Saint-Louis
10%
Oman 293,962 Ṣalālah
10%
Lebanon 250,000 Sidon
10%
Taiwan 4,365,947 Xinbei
10%
Slovakia 80,634 Žilina
10%
UAE 846,787 Al-'Ayn
9%
Palestine 201,063 Al-Khalīl
9%
Kazakhstan 559,911 Aqtobe
9%
North Macedonia 69,287 Bitola
9%
Burkina Faso 904,920 Bobo-Dioulasso
9%
Cuba 310,819 Camagüey
9%
Slovenia 37,122 Celje
9%
Venezuela 893,400 Ciudad Guayana
9%
Colombia 777,400 Cúcuta
9%
Ecuador 361,524 Cuenca
9%
Panama 103,915 David
9%
Turkey 1,087,786 Diyarbakır
9%
Albania 78,703 Elbasan
9%
Cyprus 37,868 Famagusta
9%
Bahamas 28,000 Freeport
9%
Afghanistan 271,900 Jalālābād
9%
Kyrgyzstan 117,533 Jalal-Abad
9%
Democratic Republic of the Congo 720,362 Kananga
9%
Malaysia 511,500 Kuching
9%
Solomon Islands 1,806 Lata
9%
Costa Rica 65,300 Limón
9%
Turkmenistan 167,027 Mary
9%
Morocco 556,512 Meknès
9%
New Zealand 66,800 Napier
9%
Slovakia 76,499 Nitra
9%
Romania 183,105 Oradea
9%
Palestine 208,449 Rafaḥ
9%
Dominican Republic 612,595 Santiago de los Caballeros
9%
Bulgaria 121,207 Stara Zagora
9%
Serbia 88,752 Subotica
9%
New Zealand 158,300 Tauranga
9%
Israel 467,875 Tel Aviv-Yafo
9%
Senegal 1,120,824 Touba
9%
Turkmenistan 230,861 Türkmenabat
9%
Portugal 188,421 Vila Nova de Gaia
9%
Niger 110,497 Agadez
8%
Syria 383,786 Al-Lādhiqiyah
8%
Democratic Republic of the Congo 471,789 Bukavu
8%
Vietnam 812,088 Can Tho
8%
Haiti 155,505 Cap-Haïtien
8%
Venezuela 425,000 Ciudad Bolívar
8%
Ireland 44,135 Drogheda
8%
Luxembourg 22,043 Dudelange
8%
Botswana 103,417 Francistown
8%
Norway 121,679 Fredrikstad
8%
Malaysia 665,600 Ipoh
8%
Chile 294,949 Iquique
8%
Nigeria 510,300 Jos
8%
Bangladesh 719,557 Khulna
8%
Slovenia 25,913 Koper
8%
North Macedonia 75,051 Kumanovo
8%
Nigeria 618,278 Maiduguri
8%
Montenegro 54,394 Nikšić
8%
Bolivia 264,943 Oruro
8%
Chad 49,461 Pala
8%
Czechia 89,619 Pardubice
8%
Bulgaria 89,030 Pleven
8%
Finland 83,106 Pori
8%
Dominica 4,167 Portsmouth
8%
Slovakia 82,286 Prešov
8%
Kazakhstan 515,632 Qaragandy
8%
Guatemala 180,706 Quetzaltenango
8%
Denmark 64,158 Randers
8%
Morocco 945,101 Salé
8%
Austria 58,856 Sankt Pölten
8%
Malta 38,615 San Pawl Il-Baħar
8%
San Marino 11,180 Serravalle
8%
Lithuania 110,463 Šiauliai
8%
Bangladesh 532,839 Sylhet
8%
Slovakia 62,955 Trnava
8%
Latvia 33,274 Ventspils
8%
Austria 65,287 Wels
8%
Portugal 171,454 Amadora
7%
Belarus 136,409 Barysaǔ
7%
Mozambique 592,090 Beira
7%
Montenegro 20,168 Budva
7%
Montenegro 12,460 Cetinje
7%
Peru 663,200 Chiclayo
7%
St Lucia 1,576 Corinth
7%
Ireland 43,112 Dundalk
7%
Mexico 1,643,623 Ecatepec de Morelos
7%
Czechia 92,649 Hradec Králové
7%
Peru 450,900 Huancayo
7%
Jordan 502,714 Irbid
7%
Iran 946,651 Kermānshāh
7%
Serbia 146,315 Kragujevac
7%
Georgia 135,201 Kutaisi
7%
Chile 401,938 La Serena
7%
Zambia 178,361 Livingstone
7%
Afghanistan 484,500 Mazar-i-Sharif
7%
Iraq 747,261 Najaf
7%
Trinidad and Tobago 48,838 San Fernando
7%
Bulgaria 78,627 Sliven
7%
Yemen 466,968 Ta'izz
7%
Senegal 391,253 Thiès
7%
Senegal 152,043 Tivaouane Peulh
7%
Slovakia 54,065 Trenčín
7%
Turkmenistan 91,745 Türkmenbaşy
7%
Bosnia and Herzegovina 74,457 Tuzla
7%
Czechia 89,713 Ústí nad Labem
7%
Mexico 1,257,547 Zapopan
7%
Bosnia and Herzegovina 70,553 Zenica
7%
Israel 225,975 Ashdod
6%
Belarus 208,611 Babrujsk
6%
Slovakia 74,065 Banská Bystrica
6%
Indonesia 2,334,871 Bekasi
6%
Albania 36,496 Berat
6%
Malta 28,841 Birkirkara
6%
Luxembourg 30,364 Differdange
6%
Mali 20,337 Diré
6%
Ethiopia 343,000 Dire Dawa
6%
Bulgaria 70,411 Dobrič
6%
Austria 51,876 Dornbirn
6%
Philippines 646,172 General Santos
6%
Georgia 45,557 Gori
6%
Armenia 112,301 Gyumri
6%
Angola 595,304 Huambo
6%
Nigeria 532,089 Ilorin
6%
Latvia 55,862 Jelgava
6%
Sudan 1,012,211 Khartoum North
6%
Albania 51,152 Korçë
6%
Malaysia 414,400 Kota Kinabalu
6%
Slovenia 37,605 Kranj
6%
Costa Rica 59,100 Liberia
6%
Equatorial Guinea 9,011 Luba
6%
Angola 600,751 Lubango
6%
Slovakia 50,629 Martin
6%
Palau 271 Melekeok
6%
Fiji 71,048 Nadi
6%
Myanmar 333,506 Naypyitaw
6%
Uzbekistan 334,557 Nukus
6%
Sudan 492,984 Nyālā
6%
New Zealand 81,200 Palmerston North
6%
South Africa 475,238 Pietermaritzburg
6%
Peru 547,100 Piura
6%
Nepal 513,504 Pokhara
6%
Dominican Republic 167,466 San Cristóbal
6%
Jamaica 147,152 Spanish Town
6%
South Korea 1,210,150 Suwon
6%
Ghana 371,351 Tamale
6%
Taiwan 2,441,064 Taoyuan
6%
North Macedonia 63,176 Tetovo
6%
Jordan 635,160 Zarqa
6%
UAE 519,000 Ajmān
5%
UAE 93,616 Al-Fujayrah
5%
Lithuania 51,353 Alytus
5%
Georgia 65,530 Aqwa
5%
Oman 470,878 As-Sīb
5%
Egypt 562,061 Asyūṭ
5%
Myanmar 254,424 Bago
5%
Belarus 172,150 Baranavičy
5%
Somalia 374,000 Berbera
5%
Haiti 430,250 Carrefour
5%
Trinidad and Tobago 83,516 Chaguanas
5%
Ecuador 295,211 Durán
5%
Mongolia 102,141 Ėrdėnėt
5%
Uzbekistan 314,449 Farg'ona
5%
Albania 55,845 Fier
5%
Ethiopia 466,000 Gondar
5%
Cuba 302,890 Holguín
5%
Denmark 63,903 Horsens
5%
Latvia 46,940 Jūrmala
5%
Iran 1,592,492 Karaj
5%
Croatia 41,869 Karlovac
5%
Hungary 108,120 Kecskemét
5%
Iraq 711,530 Kerbala
5%
Denmark 62,444 Kolding
5%
New Zealand 111,500 Lower Hutt
5%
Ecuador 258,697 Manta
5%
Palestine 156,906 Nābulus
5%
Uzbekistan 678,154 Namangan
5%
Israel 224,066 Netanya
5%
Guyana 15,373 New Amsterdam
5%
Mexico 1,072,676 Nezahualcóyotl
5%
Mauritania 173,525 Nouadhibou
5%
Slovenia 23,984 Novo Mesto
5%
Belize 14,705 Orange Walk
5%
Lithuania 86,606 Panevėžys
5%
Kazakhstan 334,096 Pavlodar
5%
Slovakia 48,741 Poprad
5%
Gabon 136,462 Port-Gentil
5%
North Macedonia 63,308 Prilep
5%
Bangladesh 708,570 Rangpur
5%
Belgium 130,405 Schaerbeek
5%
Croatia 45,005 Slavonski Brod
5%
Bulgaria 66,713 Šumen
5%
Namibia 75,921 Swakopmund
5%
Ireland 40,776 Swords
5%
Hungary 95,045 Székesfehérvár
5%
Hungary 78,190 Szombathely
5%
Saudi Arabia 594,350 Tabūk
5%
Bolivia 179,561 Tarija
5%
Chile 278,513 Temuco
5%
Libya 115,503 Tobruk
5%
Croatia 36,187 Varaždin
5%
Denmark 61,706 Vejle
5%
South Sudan 118,331 Wau
5%
Micronesia 13,856 Weno
5%
Philippines 689,840 Zamboanga
5%
Nigeria 612,257 Zaria
5%
Portugal 95,851 Almada
4%
Uzbekistan 468,055 Andijon
4%
Algeria 342,703 Annaba
4%
Saudi Arabia 563,282 Aṭ-Ṭa'if
4%
Lebanon 85,000 Baalbek
4%
Philippines 659,455 Bacolod
4%
Liechtenstein 4,662 Balzers
4%
Cambodia 151,827 Battambang
4%
Bosnia and Herzegovina 39,690 Bihać
4%
Central African Republic 348,802 Bimbo
4%
Tunisia 154,300 Bizerte
4%
Ireland 33,512 Bray
4%
Bosnia and Herzegovina 39,893 Brčko
4%
Philippines 827,697 Cagayan de Oro
4%
Costa Rica 232,300 Cartago
4%
Peru 395,100 Chimbote
4%
Cuba 153,048 Cienfuegos
4%
Andorra 8,326 Encamp
4%
Kosovo 54,239 Gjilan
4%
Haiti 228,725 Gonaïves
4%
Iceland 30,616 Hafnarfjörður
4%
Philippines 604,198 Iloilo
4%
Palestine 246,307 Khān Yūnis
4%
Somalia 358,000 Kismayo
4%
Zambia 665,961 Kitwe
4%
Iceland 39,261 Kópavogur
4%
Afghanistan 189,300 Kunduz
4%
Lithuania 36,704 Marijampolė
4%
Botswana 85,350 Maun
4%
Libya 290,316 Misrata
4%
Kenya 570,674 Nakuru
4%
Mozambique 663,212 Nampula
4%
Serbia 71,462 Novi Pazar
4%
Hungary 116,282 Nyíregyháza
4%
Morocco 506,224 Oujda
4%
Republic of the Congo 63,598 Oyo
4%
Laos 68,093 Pakse
4%
Uruguay 81,550 Paysandú
4%
Dominican Republic 132,878 Puerto Plata
4%
Laos 91,684 Savannakhet
4%
Cambodia 71,082 Sihanoukville
4%
Colombia 675,100 Soledad
4%
Chile 237,295 Talca
4%
Indonesia 1,798,601 Tangerang
4%
Egypt 597,694 Ṭanṭā
4%
Madagascar 325,857 Toamasina
4%
Liechtenstein 5,380 Triesen
4%
Liechtenstein 2,617 Triesenberg
4%
Bhutan 11,448 Tshongdue
4%
Iceland 8,062 Akranes
3%
Costa Rica 196,900 Alajuela
3%
Saudi Arabia 729,606 Al-Hufūf
3%
Antigua and Barbuda 3,412 All Saints
3%
Belize 1,395 Armenia
3%
Cuba 159,014 Bayamo
3%
Colombia 546,900 Bello
3%
Montenegro 11,635 Bijelo Polje
3%
San Marino 6,955 Borgo Maggiore
3%
Ivory Coast 536,719 Bouaké
3%
Lebanon 50,000 Byblos
3%
Serbia 69,598 Čačak
3%
Ghana 169,894 Cape Coast
3%
North Korea 614,892 Ch'ŏngjin
3%
Tajikistan 198,700 Chuçand
3%
Guatemala 212,047 Cobán
3%
Honduras 120,500 Comayagua
3%
Belize 9,726 Corozal
3%
Indonesia 1,738,570 Depok
3%
Kenya 475,716 Eldoret
3%
Sudan 217,827 El Fasher
3%
Sudan 345,126 El Obeid
3%
Kosovo 42,628 Ferizaj
3%
San Marino 2,614 Fiorentino
3%
Gabon 110,568 Franceville
3%
Kosovo 40,827 Gjakovë
3%
Yemen 212,992 Ibb
3%
Tunisia 153,900 Kairouan
3%
Guinea 190,722 Kankan
3%
Eritrea 55,586 Keren
3%
Kenya 397,957 Kisumu
3%
Micronesia 6,074 Kolonia
3%
Honduras 209,000 La Ceiba
3%
Fiji 24,637 Lami
3%
Dominican Republic 265,313 La Romana
3%
Cuba 176,139 Las Tunas
3%
Fiji 71,573 Lautoka
3%
Suriname 18,663 Lelydorp
3%
Guyana 28,674 Linden
3%
Ecuador 203,496 Loja
3%
Ecuador 288,072 Machala
3%
Uruguay 102,000 Maldonado
3%
Mozambique 1,032,197 Matola
3%
Venezuela 508,200 Maturín
3%
Ethiopia 457,900 Mekele
3%
Uruguay 56,013 Melo
3%
Kosovo 46,230 Mitrovicë
3%
Guatemala 463,019 Mixco
3%
Malawi 221,272 Mzuzu
3%
Azerbaijan 80,800 Nakhchivan
3%
North Korea 310,531 Namp'o
3%
Ireland 33,886 Navan
3%
Zambia 627,503 Ndola
3%
Thailand 254,375 Nonthaburi
3%
Guinea 195,027 Nzérékoré
3%
Jamaica 16,671 Ocho Rios
3%
Latvia 24,355 Ogre
3%
Iran 736,224 Orūmīyeh
3%
Malaysia 826,400 Port Kelang
3%
Georgia 41,498 Poti
3%
Kyrgyzstan 77,241 Prževal'sk
3%
Slovenia 17,880 Ptuj
3%
Peru 396,400 Pucallpa
3%
Costa Rica 87,500 Puntarenas
3%
Uzbekistan 303,620 Qo'qon
3%
Malta 19,567 Qormi
3%
Bangladesh 553,288 Rajshahi
3%
Chile 290,864 Rancagua
3%
Moldova 47,949 Rîbnița
3%
Uruguay 84,775 Rivera
3%
Libya 121,895 Sabhā
3%
Belize 21,690 San Ignacio
3%
Paraguay 225,395 San Lorenzo
3%
Iceland 9,812 Selfoss
3%
Kazakhstan 308,14 Semey
3%
Norway 96,695 Skien
3%
Malta 22,037 Sliema
3%
Colombia 778,400 Soacha
3%
North Macedonia 42,000 Štip
3%
Azerbaijan 435,600 Sumqayıt
3%
Thailand 132,040 Surat Thani
3%
Uruguay 60,586 Tacuarembó
3%
Montenegro 10,894 Tivat
3%
Thailand 130,531 Udon Thani
3%
North Macedonia 40,664 Veles
3%
Estonia 17,789 Viljandi
3%
North Korea 328,467 Wŏnsan
3%
Taiwan 499,468 Xinzhu
3%
Senegal 214,874 Ziguinchor
3%
Niger 235,605 Zinder
3%
Serbia 67,129 Zrenjanin
3%
Chad 97,963 Abéché
2%
San Marino 2,116 Acquaviva
2%
Ethiopia 456,900 Adama
2%
Mauritania 15,521 Aleg
2%
Yemen 409,994 Al-Ḥudaydah
2%
Iraq 527,472 Amara
2%
Guyana 11,133 Anna Regina
2%
Madagascar 246,354 Antsirabe
2%
Madagascar 129,320 Antsiranana
2%
El Salvador 123,095 Apopa
2%
Syria 220,488 Ar-Raqqah
2%
Qatar 799,933 Ar-Rayyān
2%
Uruguay 43,894 Artigas
2%
Philippines 494,148 Baguio
2%
Ethiopia 350,000 Bahir Dar
2%
Kiribati 3,522 Bairiki
2%
Turkmenistan 123,190 Balkanabat
2%
Cameroon 269,530 Bamenda
2%
Algeria 289,504 Batna
2%
Vietnam 830,829 Bien Hoa
2%
Bosnia and Herzegovina 41,121 Bijeljina
2%
Algeria 204,661 Biskra
2%
Algeria 331,779 Blida
2%
Liberia 50,245 Buchanan
2%
Saudi Arabia 571,169 Buraydah
2%
Moldova 28,763 Cahul
2%
Paraguay 236,999 Capiatá
2%
St Kitts and Nevis 1500 Charlestown
2%
Nicaragua 115,687 Chinandega
2%
Honduras 220,300 Choloma
2%
Honduras 99,980 Choluteca
2%
San Marino 4,107 Città di San Marino
2%
Uruguay 113,252 Ciudad de la Costa
2%
Mongolia 47,153 Čojbalsan
2%
Belize 9,649 Dangriga
2%
Mongolia 84,429 Darchan
2%
Turkmenistan 201,142 Daşoguz
2%
Algeria 265,833 Djelfa
2%
Bosnia and Herzegovina 24,349 Doboj
2%
San Marino 3,583 Domagnano
2%
Honduras 120,600 El Progreso
2%
Andorra 15,506 Escaldes-Engordany
2%
Liechtenstein 4,601 Eschen
2%
Guatemala 156,313 Escuintla
2%
Nicaragua 112,132 Estelí
2%
Madagascar 191,776 Fianarantsoa
2%
Cameroon 235,996 Garoua
2%
Bangladesh 2,677,715 Gazipur
2%
North Macedonia 32,814 Gostivar
2%
South Korea 1,045,497 Goyang
2%
Sao Tome and Principe 3,326 Guadalupe
2%
Uganda 177,400 Gulu
2%
Thailand 156,802 Hat Yai
2%
Ethiopia 422,200 Hawassa
2%
Costa Rica 367,900 Heredia
2%
Palestine 222,166 Jabālyah
2%
Guatemala 159,840 Jalapa
2%
Latvia 22,292 Jēkabpils
2%
Taiwan 252,028 Jiayi
2%
Taiwan 367,264 Jilong
2%
Senegal 298,904 Kaolack
2%
Sudan 298,529 Kassalā
2%
Saudi Arabia 535,065 Khamīs Mushaīṭ
2%
Papua New Guinea 22,923 Kimbe
2%
Uganda 462,900 Kira
2%
Brunei 27,819 Kuala Belait
2%
Fiji 26,601 Labasa
2%
Panama 205,959 La Chorrera
2%
Andorra 5,979 La Massana
2%
Uruguay 61,306 Las Piedras
2%
Dominican Republic 123,677 La Vega
2%
Cyprus 51,836 Lefkoşa
2%
Angola 357,950 Lobito
2%
Vanuatu 18062 Luganville
2%
Paraguay 259,705 Luque
2%
Papua New Guinea 35,971 Madang
2%
Madagascar 246,022 Mahajanga
2%
South Sudan 114,528 Malakal
2%
Eswatini 30,248 Manzini
2%
Nicaragua 140,721 Masaya
2%
Cuba 145,034 Matanzas
2%
Liechtenstein 4,496 Mauren
2%
Myanmar 253,734 Mawlamyine
2%
Tanzania 541,603 Mbeya
2%
Somalia 499,000 Merca
2%
Cape Verde 69,013 Mindelo
2%
San Marino 1,006 Montegiardino
2%
Chad 137,251 Moundou
2%
Papua New Guinea 29,765 Mount Hagen
2%
Bangladesh 577,000 Mymensingh
2%
Thailand 126,391 Nakhon Ratchasima
2%
Suriname 12,818 Nieuw Nickerie
2%
Oman 64,599 Nizwā
2%
Andorra 3,217 Ordino
2%
Kazakhstan 352,894 Oskemen
2%
Serbia 73,401 Pančevo
2%
Guyana 16,332 Paradise
2%
Benin 255,478 Parakou
2%
Tonga 1,991 Pea
2%
Paraguay 114,944 Pedro Juan Caballero
2%
Mozambique 200,529 Pemba
2%
Israel 252,270 Petah Tikva
2%
Malaysia 614,000 Petaling Jaya
2%
Luxembourg 20,903 Pétange
2%
Venezuela 441,700 Petare
2%
Bhutan 27,658 Phuntsholing
2%
Montenegro 16,419 Pljevlja
2%
New Zealand 60,200 Porirua
2%
Haiti 99,580 Port-de-Paix
2%
Ecuador 244,129 Portoviejo
2%
Uzbekistan 288,887 Qarshi
2%
Mozambique 246,915 Quelimane
2%
Estonia 17,855 Rakvere
2%
Latvia 28,365 Rēzekne
2%
Israel 257,128 Rishon LeZion
2%
Liechtenstein 2,466 Ruggell
2%
Namibia 118,632 Rundu
2%
Bolivia 150,110 Sacaba
2%
Dominica 1,746 Saint Joseph
2%
Haiti 122,747 Saint-Marc
2%
Dominica 2,147 Salisbury
2%
Sao Tome and Principe 7,445 Santana
2%
El Salvador 108,840 Santa Tecla
2%
Andorra 7,962 Sant Julià de Lòria
2%
Ecuador 334,826 Santo Domingo de los Colorados
2%
Liechtenstein 1,104 Schellenberg
2%
Ghana 228,342 Sekondi
2%
Croatia 55,313 Sesvete
2%
Algeria 252,127 Sétif
2%
Serbia 59,261 Smederevo
2%
Moldova 22,196 Soroca
2%
Barbados 3,634 Speightstown
2%
North Macedonia 33,825 Strumica
2%
Oman 219,264 Ṣuḥār
2%
Iraq 676,492 Sulaymaniyah
2%
Ghana 311,206 Takoradi
2%
Tanzania 393,429 Tanga
2%
Kazakhstan 427,356 Taraz
2%
Georgia 32,699 Tchinval
2%
Mozambique 307,338 Tete
2%
Moldova 91,882 Tighina
2%
Madagascar 168,756 Toliara
2%
Norway 55,939 Tønsberg
2%
Montenegro 11,488 Ulcinj
2%
Lithuania 27,763 Utena
2%
Latvia 25,459 Valmiera
2%
Armenia 75,186 Vanadzor
2%
Slovenia 25,396 Velenje
2%
South Africa 377,922 Vereeniging
2%
Guatemala 426,316 Villa Nueva
2%
Honduras 83,650 Villanueva
2%
Vietnam 341,552 Vũng Tàu
2%
Mozambique 132,884 Xai-Xai
2%
South Korea 1,066,975 Yongin
2%
Benin 67,885 Abomey
1%
Greece 100,844 Acharnaí
1%
Portugal 81,006 Agualva-Cacém
1%
Palau 920 Airai
1%
Syria 188,160 Al-Ḥasakah
1%
Qatar 91,585 Al-Khawr
1%
Bahrain 91,307 Al-Muḥarraq
1%
Yemen 182,478 Al-Mukallā
1%
Kiribati 3,345 Ambo
1%
Palestine 86,598 An-Nuṣayrāt
1%
Tunisia 123,079 Ariana
1%
Trinidad and Tobago 33,606 Arima
1%
Armenia 27,470 Armavir
1%
Panama 84,524 Arraiján
1%
Eritrea 44,220 Assab
1%
Kazakhstan 316,468 Atyray
1%
Cameroon 239,287 Bafoussam
1%
Somalia 1,200,000 Baidoa
1%
St Lucia 1,812 Balata
1%
Burkina Faso 117,452 Banfora
1%
Antigua and Barbuda 537 Barnes Hill
1%
Barbados 1,765 Bathsheba
1%
East Timor 19,118 Baucau
1%
Central African Republic 103,713 Berbérati
1%
Kiribati 18,429 Betio
1%
Guyana 15,243 Better Hope
1%
Nepal 369,268 Bharatpur
1%
Nepal 243,927 Biratnagar
1%
Barbados 623 Blackmans
1%
Bangladesh 486,016 Bogra
1%
Kiribati 3,047 Bonriki
1%
Gambia 81,007 Brikama
1%
Cameroon 90,090 Buéa
1%
Ecuador 249,941 Calderón
1%
Andorra 2,550 Canillo
1%
Greece 80,672 Chalkís
1%
St Vincent and the Grenadines 5756 Chateaubelair
1%
San Marino 1,175 Chiesanuova
1%
Mozambique 363,336 Chimoio
1%
Panama 57,412 Chitré
1%
Zimbabwe 371,246 Chitungwiza
1%
Mongolia 31,980 Chovd
1%
Haiti 241,055 Cité Soleil
1%
Antigua and Barbuda 1,325 Codrington
1%
Barbados 727 Crab Hill
1%
Ivory Coast 245,360 Daloa
1%
Honduras 80,200 Danlí
1%
Papua New Guinea 15,142 Daru
1%
Sierra Leone 17,899 Daru
1%
El Salvador 95,574 Delgado
1%
Haiti 359,451 Delmas
1%
Suriname 26,161 De Nieuwe Grond
1%
Ethiopia 270,400 Dessie
1%
Benin 94,773 Djougou
1%
Chad 49,647 Doba
1%
Moldova 25,060 Dubăsari
1%
Bahamas 1,762 Dunmore Town
1%
Marshall Islands 8,416 Ebeye
1%
Kiribati 3,858 Eita
1%
Egypt 632,330 El Mansoura
1%
Antigua and Barbuda 666 English Harbour
1%
South Africa 605,504 Evaton
1%
San Marino 1,172 Faetano
1%
Paraguay 110,255 Fernando de la Mora
1%
Maldives 9,177 Fuvahmulah
1%
Guinea-Bissau 43,556 Gabú
1%
Liechtenstein 1,728 Gamprin
1%
Iceland 16,544 Garðabær
1%
Niger 45,465 Gaya
1%
Liberia 56,986 Gbarnga
1%
Rwanda 149,209 Gisenyi
1%
Solomon Islands 4,260 Gizo
1%
Benin 253,262 Godomey
1%
Guyana 23,129 Golden Grove
1%
Grenada 3378 Gouyave
1%
Barbados 623 Greenland
1%
Grenada 2476 Grenville
1%
Liberia 23,517 Harper
1%
Kuwait 957,090 Ḥawallī
1%
Dominican Republic 210,278 Higüey
1%
Maldives 13,759 Hithadhoo
1%
Barbados 1,350 Holetown
1%
Israel 197,464 Holon
1%
Suriname 15,656 Houttuin
1%
Armenia 44,231 Hrazdan
1%
Maldives 65,714 Hulhumalé
1%
El Salvador 88,883 Ilopango
1%
Tajikistan 64,300 Istaravšan
1%
Marshall Islands 798 Jabwor
1%
Kuwait 452,259 Jahra
1%
Nepal 194,556 Janakpur
1%
Estonia 16,191 Järve
1%
Ethiopia 250,900 Jimma
1%
Lithuania 26,838 Jonava
1%
Guatemala 145,880 Jutiapa
1%
Zambia 288,598 Kabwe
1%
North Korea 262,389 Kaech'ŏn
1%
Slovenia 13,774 Kamnik
1%
Armenia 32,780 Kapan
1%
Sierra Leone 255,110 Kenema
1%
Morocco 507,736 Kénitra
1%
Kenya 323,881 Kikuyu
1%
Democratic Republic of the Congo 294,210 Kikwit
1%
Guinea 138,695 Kindia
1%
Suriname 27,713 Koewarasan
1%
Democratic Republic of the Congo 456,446 Kolwezi
1%
Ivory Coast 243,048 Korhogo
1%
Burkina Faso 160,239 Koudougou
1%
Togo 75,084 Kpalimé
1%
Angola 355,423 Kuito
1%
Tajikistan 105,800 Kūlob
1%
Suriname 14,151 Kwatta
1%
Guinea 92,654 Labé
1%
Honduras 80,740 La Lima
1%
Nepal 294,098 Lalitpur
1%
Paraguay 127,150 Lambaré
1%
Myanmar 174,335 Lashio
1%
Afghanistan 89,300 Lashkargāh
1%
Democratic Republic of the Congo 367,219 Likasi
1%
Paraguay 139,652 Limpio
1%
Jamaica 15,231 Linstead
1%
Dominican Republic 282,799 Los Alcarrizos
1%
Albania 27,000 Lushnjë
1%
Guyana 18,928 Lusignan
1%
Estonia 13,294 Maardu
1%
Lesotho 43,247 Mafeteng
1%
Egypt 614,202 Mahalla el-Kubra
1%
Dominica 2,113 Mahaut
1%
Angola 455,000 Malanje
1%
Jamaica 49,695 Mandeville
1%
Uzbekistan 246,650 Marg'ilon
1%
Dominica 2,411 Marigot
1%
Cameroon 201,371 Maroua
1%
Bahamas 4,368 Marsh Harbour
1%
Dominica 1,552 Massacre
1%
Eritrea 27,179 Massawa
1%
Nicaragua 114,120 Matagalpa
1%
Afghanistan 96,000 Maymana
1%
Lithuania 33,377 Mažeikiai
1%
Uganda 221,300 Mbarara
1%
Senegal 284,189 Mbour
1%
Sudan 289,482 Medani
1%
Suriname 12,405 Meerzorg
1%
El Salvador 140,751 Mejicanos
1%
St Lucia 2,131 Micoud
1%
Suriname 10,834 Moengo
1%
Lesotho 44,494 Mohale's Hoek
1%
Botswana 74,861 Molepolole
1%
Myanmar 207,489 Monywa
1%
Tanzania 471,409 Morogoro
1%
Iceland 13,024 Mosfellsbær
1%
Zimbabwe 224,804 Mutare
1%
Myanmar 243,031 Myitkyina
1%
Uganda 532,800 Nansana
1%
Bangladesh 967,951 Narayanganj
1%
Iraq 558,446 Nasiriyah
1%
Fiji 57,882 Nausori
1%
Malta 17,836 Naxxar
1%
Sri Lanka 142,449 Negombo
1%
Paraguay 116,383 Ñemby
1%
Micronesia 6,639 Nett
1%
Cameroon 152,698 Ngaoundéré
1%
Solomon Islands 7,204 Noro
1%
Panama 62,300 Nueva Esperanza
1%
Djibouti 20,152 Obock
1%
Ghana 143,644 Obuasi
1%
Barbados 2,285 Oistins
1%
Jamaica 28,912 Old Harbour
1%
Moldova 21,065 Orhei
1%
Gabon 60,685 Oyem
1%
Thailand 190,272 Pak Kret
1%
Myanmar 169,773 Pathein
1%
Trinidad and Tobago 13,873 Penal
1%
Guatemala 129,124 Petapa
1%
Haiti 271,175 Pétionville
1%
Laos 48,643 Phonsavan
1%
Estonia 35,382 Pirita
1%
Kosovo 23,453 Podujevë
1%
Albania 20,848 Pogradec
1%
Trinidad and Tobago 20,235 Point Fortin
1%
Bosnia and Herzegovina 27,970 Prijedor
1%
Nicaragua 86,279 Puerto Cabezas
1%
Bhutan 6,262 Punakha
1%
Belize 5,453 Punta Gorda
1%
Bolivia 117,859 Quillacollo
1%
Kosovo 15,892 Rahovec
1%
Namibia 40,788 Rehoboth
1%
Bahrain 79,550 Riffa
1%
Montenegro 10,581 Rožaje
1%
Kenya 490,120 Ruiru
1%
Jordan 472,604 Russeifa
1%
Georgia 128,680 Rustavi
1%
Grenada 12486 Saint David’s
1%
East Timor 7,191 Same
1%
Dominican Republic 143,726 San Francisco de Macorís
1%
Trinidad and Tobago 20,710 Sangre Grande
1%
Costa Rica 66,300 San Isidro de El General
1%
Dominican Republic 207,378 San Pedro de Macorís
1%
Costa Rica 40,600 San Ramón de los Palmares
1%
Panama 51,339 Santiago de Veraguas
1%
Sao Tome and Principe 2,576 Santo António
1%
Suriname 10,217 Saramacca Polder
1%
Chad 97,224 Sarh
1%
Jamaica 22,633 Savanna-la-Mar
1%
Fiji 6,833 Savusavu
1%
Iceland 4,572 Seltjarnarnes
1%
Brunei 16,340 Seria
1%
Malaysia 443,200 Shah Alam
1%
Egypt 1,275,700 Shubrā al-Khaymah
1%
Algeria 210,146 Sidi bel Abbès
1%
Fiji 10,509 Sigatoka
1%
North Korea 334,031 Sinŭiju
1%
Bahrain 34,317 Sitra
1%
Togo 95,070 Sokodé
1%
South Africa 728,063 Soshanguve
1%
St Lucia 1,771 Soufrière
1%
El Salvador 241,403 Soyapango
1%
Bahamas 1,551 Spanish Wells
1%
Malaysia 718,200 Subang Jaya
1%
Kiribati 3,522 Tabwakea
1%
Myanmar 264,804 Taunggyi
1%
Ghana 139,784 Tema
1%
Barbados 935 The Crane
1%
Nicaragua 150,597 Tipitapa
1%
Kyrgyzstan 73,433 Tokmok
1%
Slovenia 13,620 Trbovlje
1%
Bahamas 1,187 Treasure Cay
1%
Sao Tome and Principe 6,685 Trindade
1%
Democratic Republic of the Congo 366,503 Tshikapa
1%
Guyana 12,219 Tuchen
1%
Trinidad and Tobago 16,701 Tunapuna
1%
Angola 322,531 Uíge
1%
Moldova 30,804 Ungheni
1%
Mauritius 107,433 Vacoas-Phoenix
1%
Samoa 8,224 Vaitele
1%
Panama 128,973 Vista Alegre
1%
Guyana 11,590 Vreed en Hoop
1%
Kosovo 27,272 Vushtrri
1%
Papua New Guinea 37,825 Wewak
1%
South Sudan 69,720 Yei
1%
Malta 17,754 Żabbar
1%
Lebanon 140,000 Zahlé
1%
Mauritania 62,380 Zouerate
1%
Georgia 41,494 Zugdidi
1%
Benin 117,824 Abomey-Calavi
0%
Armenia 46,434 Abovyan
0%
Equatorial Guinea 8,795 Aconibe
0%
Qatar 313,754 Ad-Dawḥah al-Minṭaqat aṣ-Ṣinā'yah
0%
Qatar 91,247 Aḍ-Ḍ'āyan
0%
UAE 20,165 Ad-Dhaīd
0%
Mauritania 8,576 Adel Bagrou
0%
Eritrea 15,633 Adi Qayeh
0%
Eritrea 35,673 Āfabēt
0%
Somalia 79,400 Afgooye
0%
Eritrea 22,316 Agordat
0%
Estonia 15,297 Ahtme
0%
East Timor 5,217 Ainaro
0%
Mauritania 22,796 Aïoun
0%
Libya 107,564 Ajdābiyā
0%
Marshall Islands 1,140 Ajeltake
0%
Gabon 34,548 Akanda
0%
Mauritania 12,825 Akjoujt
0%
Oman 96,384 Al-'Āmrāt
0%
Tuvalu 1,309 Alapi
0%
Oman 92,223 Al-Buraymī
0%
Samoa 3,810 Aleisa Sasa'e
0%
Lebanon 30,000 Aley
0%
Djibouti 12,763 Ali-Adeh
0%
Djibouti 44,782 Ali-Sabieh
0%
Libya 126,348 Al-Khums
0%
Sao Tome and Principe 3,923 Almas
0%
Syria 184,231 Al-Qāmishlī
0%
Jordan 296,763 Al-Quwaysimah
0%
Qatar 94,272 Al-Wakrah
0%
Qatar 134,481 Al-Wukaīr
0%
Syria 137,248 Al-Yarmūk
0%
Mauritania 4,458 Amourj
0%
Malaysia 469,000 Ampang Jaya
0%
Yemen 77,825 Amrān
0%
Chad 52,270 Am Timan
0%
Togo 37,398 Anié
0%
Equatorial Guinea 7,586 Añisok
0%
Seychelles 5,382 Anse Boileau
0%
Seychelles 6,555 Anse Étoile
0%
Seychelles 5,046 Anse Royale
0%
Madagascar 67,888 Antalaha
0%
Ivory Coast 103,297 Anyama
0%
Mauritania 2,536 Aoujeft
0%
Cyprus 22,932 Aradíppou
0%
Andorra 2,127 Arinsal
0%
Niger 78,651 Arlit
0%
Marshall Islands 475 Arrak
0%
Djibouti 11,221 Arta
0%
Mongolia 34,605 Arvajchėėr
0%
Tuvalu 817 Asau
0%
Djibouti 5,173 As-Eyla
0%
Ghana 190,972 Ashaiman
0%
Qatar 67,181 Ash-Shaḥāniyah
0%
Cape Verde 21,297 Assomada
0%
Togo 69,261 Atakpamé
0%
Seychelles 5,974 Au Cap
0%
St Lucia 1,850 Augier
0%
Solomon Islands 7,020 Auki
0%
South Sudan 59,217 Aweil
0%
Guinea-Bissau 29,556 Bafatá
0%
Seychelles 5,063 Baie Sainte Anne
0%
Bahamas 1,418 Bailey Town
0%
Mongolia 32,454 Bajanchongor
0%
Yemen 55,760 Bājil
0%
Gambia 25,265 Bakau New Town
0%
Malawi 36,308 Balaka
0%
Kyrgyzstan 51,487 Balykčy
0%
Central African Republic 83,029 Bambari
0%
Mali 15,348 Banamba
0%
Mali 17,166 Bandiagara
0%
Central African Republic 54,059 Bangassou
0%
Thailand 120,127 Bang Pu
0%
Kiribati 2,875 Banraeaba
0%
Somalia 42,240 Bardera
0%
St Vincent and the Grenadines 5884 Barrouallie
0%
Oman 362,523 Bawshar
0%
Turkmenistan 70,376 Baýramaly
0%
Palestine 89,838 Bayt Lāhīyā
0%
Kyrgyzstan 58,383 Bazar-Korgon
0%
Mauritius 92,149 Beau-Bassin-Rose-Hill
0%
St Lucia 1,685 Beausejour
0%
Seychelles 5,603 Beau Vallon
0%
Central African Republic 264,067 Bégoua
0%
Mauritius 18,030 Bel Air Rivière Sèche
0%
Somalia 55,410 Beledweyne
0%
Seychelles 4,829 Belombre
0%
Antigua and Barbuda 973 Bendals
0%
Sierra Leone 3,458 Bendugu
0%
Sierra Leone 9,707 Benguema
0%
Belize 7,160 Benque Viejo del Carmen
0%
South Sudan 41,328 Bentiu
0%
Dominica 2,134 Berricoa
0%
Republic of the Congo 59,563 Bétou
0%
Luxembourg 11,521 Bettembourg
0%
Eswatini 6,433 Big Bend
0%
Kiribati 7,530 Bikenibeu
0%
Azerbaijan 85,900 Bilajari
0%
Azerbaijan 89,300 Bina
0%
Nepal 272,382 Birgunj
0%
Niger 63,169 Birni N'Konni
0%
Guinea-Bissau 9,898 Bissorã
0%
Sierra Leone 7,097 Blama
0%
Israel 212,395 Bnei Brak
0%
Tajikistan 126,700 Bochtar
0%
Benin 93,744 Bohicon
0%
Antigua and Barbuda 2,053 Bolans
0%
Sao Tome and Principe 3,072 Bombom
0%
Chad 44,578 Bongor
0%
Sierra Leone 12,376 Bonthe
0%
Central African Republic 55,353 Bossangoa
0%
Central African Republic 71,680 Bouar
0%
Mali 58,538 Bougouni
0%
Mali 27,488 Bourem
0%
Guinea-Bissau 7,898 Buba
0%
Burundi 20,031 Bubanza
0%
Bahrain 30,702 Budaiya
0%
Rwanda 24,679 Bugarama
0%
Brunei 9,835 Bukit Beruang
0%
Gambia 55,360 Bundunka Kunda
0%
Gambia 24,018 Busumbala
0%
Rwanda 50,220 Butare
0%
Lesotho 38,770 Butha-Buthe
0%
Rwanda 34,544 Byumba
0%
St Vincent and the Grenadines 24205 Calliaqua
0%
Guinea-Bissau 12,044 Canchungo
0%
Dominica 3,324 Canefield
0%
Central African Republic 129,032 Carnot
0%
Seychelles 7,263 Cascade
0%
St Kitts and Nevis 2500 Cayon
0%
Antigua and Barbuda 789 Cedar Grove
0%
Mauritius 16,310 Centre de Flacq
0%
Mauritania 4,214 Chami
0%
Thailand 143,024 Chaophraya Surasak
0%
Armenia 22,071 Charentsavan
0%
Djibouti 5,381 Cheik Farah
0%
Zambia 256,560 Chingola
0%
Zimbabwe 90,800 Chinhoyi
0%
Zambia 188,020 Chipata
0%
Burundi 23,885 Cibitoke
0%
St Lucia 2,471 Ciceron
0%
Togo 26,926 Cinkassé
0%
Nicaragua 130,357 Ciudad Sandino
0%
Antigua and Barbuda 1,459 Clare Hall
0%
Antigua and Barbuda 788 Crosbies
0%
Mauritius 70,008 Curepipe
0%
Rwanda 27,416 Cyangugu
0%
Djibouti 5,115 Damerjog
0%
Togo 58,071 Dapaong
0%
Palestine 82,117 Dayr al-Balaḥ
0%
Syria 211,857 Dayr az-Zawr
0%
Sri Lanka 184,468 Dehiwala-Mount Lavinia
0%
Eritrea 21,675 Dek'emhāre
0%
St Lucia 1,697 Dennery
0%
Yemen 146,346 Dhamār
0%
Nepal 198,792 Dhangadhi
0%
Mali 45,813 Dialakorodji
0%
Vietnam 474,681 Di An
0%
UAE 41,017 Dibā al-Fujayrah
0%
Djibouti 27,378 Dikhil
0%
Mali 15,268 Dioïla
0%
Mali 17,230 Dioro
0%
Senegal 157,554 Diourbel
0%
Ivory Coast 105,397 Divo
0%
Republic of the Congo 178,172 Dolisie
0%
Comoros 12,262 Domoni
0%
Niger 58,671 Dosso
0%
Micronesia 3,517 Dublon
0%
Guinea 157,017 Dubréka
0%
Bahamas 2,890 Dundas Town
0%
Equatorial Guinea 19,515 Ebebiyín
0%
Benin 75,313 Ekpé
0%
Tunisia 120,732 El Mourouj
0%
Andorra 2,156 El Pas de la Casa
0%
Marshall Islands 656 Enubirr
0%
Zimbabwe 206,368 Epworth
0%
Cape Verde 24,500 Espargos
0%
Equatorial Guinea 7,997 Evinayong
0%
Burkina Faso 73,200 Fada N'Gourma
0%
Gambia 38,121 Faji Kunda
0%
Tuvalu 1,327 Fakaifou
0%
Samoa 4,431 Faleasiu
0%
Samoa 3,278 Fale'ula
0%
Gambia 27,396 Farafenni
0%
Guinea-Bissau 9,005 Farim
0%
Kuwait 892,915 Farwaniya
0%
Micronesia 3,471 Fefen
0%
Maldives 6,831 Feydhoo
0%
Kuwait 264,718 Firdous
0%
Comoros 17,291 Fomboni
0%
Liberia 20,569 Foya
0%
Kuwait 516,252 Funtas
0%
Ivory Coast 160,465 Gagnoa
0%
Republic of the Congo 52,652 Gamboma
0%
Liberia 42,077 Ganta
0%
Azerbaijan 84,600 Garachukur
0%
Burundi 11,700 Gatumba
0%
Sudan 269,395 Gedaref
0%
Tanzania 318,006 Geita
0%
Bhutan 9,858 Gelaphu
0%
Eritrea 15,539 Ghinda
0%
Nepal 200,530 Ghorahi
0%
Rwanda 49,038 Gitarama
0%
East Timor 12,546 Gleno
0%
Mauritius 21,103 Goodlands
0%
Papua New Guinea 22,830 Goroka
0%
Chad 41,248 Goz Beïda
0%
Zimbabwe 159,050 Gweru
0%
Turkmenistan 48,552 Gyzylarbat
0%
Tonga 2,627 Ha'ateiho
0%
Bahrain 52,718 Hamad Town
0%
Liberia 25,309 Harbel
0%
UAE 14,045 Ḥatā
0%
Tonga 3,473 Haveluloto
0%
Lebanon 40,000 Hermel
0%
Luxembourg 16,836 Hesperange
0%
Barbados 519 Hillaby
0%
Lesotho 41,986 Hlotse
0%
Burkina Faso 87,151 Houndé
0%
Comoros 5,474 Iconi
0%
Madagascar 69,953 Imerintsiatosika
0%
Guinea-Bissau 8,107 Ingoré
0%
Vanuatu 1200 Isangel
0%
Bahrain 36,833 Isa Town
0%
Tajikistan 54,900 Isfara
0%
Nepal 197,241 Itahari
0%
Oman 66,284 Ja'alān Banī Bū 'Alī
0%
Kuwait 406,596 Janūb al-Kuwayt
0%
Libya 126,025 Janzūr
0%
Bahrain 30,099 Jidhafs
0%
Jordan 197,160 Jubeiha
0%
Zimbabwe 117,381 Kadoma
0%
Sri Lanka 252,041 Kaduwela
0%
Luxembourg 11,159 Käerjeng
0%
Central African Republic 55,047 Kaga-Bandoro
0%
Tanzania 453,654 Kahama
0%
Liberia 34,608 Kakata
0%
Sri Lanka 99,893 Kalmunai
0%
Cambodia 54,475 Kâmpóng Cham
0%
Cambodia 53,737 Kâmpóng Chhnăng
0%
Guinea 83,428 Kamsar
0%
North Korea 251,971 Kanggye
0%
Kyrgyzstan 52,499 Kara-Balta
0%
Malawi 61,609 Karonga
0%
Kenya 194,342 Karuri
0%
Burundi 10,317 Karuzi
0%
Zambia 179,636 Kasama
0%
Uganda 207,800 Kasangati
0%
Malawi 58,653 Kasungu
0%
Namibia 46,401 Katima Mulilo
0%
Cyprus 23,174 Káto Polemídia
0%
Burkina Faso 121,970 Kaya
0%
Burundi 21,767 Kayanza
0%
Rwanda 21,482 Kayonza
0%
Chad 57,859 Kélo
0%
Sri Lanka 185,122 Kesbewa
0%
Georgia 25,015 Khashuri
0%
Azerbaijan 213,400 Khirdalan
0%
Jordan 186,158 Khraībat as-Sūq
0%
Republic of the Congo 71,629 Kintélé
0%
Solomon Islands 2,107 Kirakira
0%
Burundi 10,024 Kirundo
0%
Guinea 99,931 Kissidougou
0%
Micronesia 6,470 Kitti
0%
Palau 300 Kloulklubed
0%
Ghana 120,971 Koforidua
0%
Sierra Leone 196,418 Koidu
0%
Tajikistan 54,400 Konibodom
0%
Maldives 10,131 Kulhudhuffushi
0%
Cameroon 144,268 Kumba
0%
Zimbabwe 119,863 Kwekwe
0%
Uganda 285,400 Kyengera
0%
Kyrgyzstan 44,012 Kyzyl-Kiya
0%
St Lucia 2,401 Laborie
0%
Cyprus 43,111 Lakatámeia
0%
Vanuatu 705 Lakatoro
0%
Gabon 38,775 Lambaréné
0%
Tonga 1,974 Lapaha
0%
Panama 55,031 Las Garzas
0%
Tunisia 153,307 La Soukra
0%
Marshall Islands 1,547 Laura
0%
Mozambique 242,204 Lichinga
0%
Malawi 36,421 Liwonde
0%
Tuvalu 894 Lofeagai
0%
East Timor 12,782 Lospalos
0%
Zambia 193,293 Luanshya
0%
Brunei 5,795 Lugu
0%
Brunei 7,640 Lumut
0%
Micronesia 5,767 Madolenihmw
0%
Turkmenistan 44,508 Magdanly
0%
Botswana 48,431 Mahalapye
0%
Sri Lanka 196,423 Maharagama
0%
Sierra Leone 85,116 Makeni
0%
Uganda 413,400 Makindye Ssabagabo
0%
Solomon Islands 15,560 Malango
0%
East Timor 13,078 Maliana
0%
Samoa 2,623 Malie
0%
Eswatini 6,122 Malkerns
0%
Bahrain 13,658 Malkiya
0%
East Timor 4,655 Manatuto
0%
Guinea 167,354 Manéah
0%
Kuwait 337,114 Mangaf
0%
Malawi 53,498 Mangochi
0%
Guinea-Bissau 8,313 Mansôa
0%
Lesotho 59,126 Maputsoe
0%
Niger 267,249 Maradi
0%
South Sudan 55,602 Maridi
0%
Malta 18,253 Marsaskala
0%
UAE 8,988 Maṣfūt
0%
Azerbaijan 109,100 Mashtagha
0%
Brunei 3,129 Masin
0%
Armenia 20,081 Masis
0%
Oman 230,881 Maṭraḥ
0%
Eswatini 7,571 Matsapha
0%
Jamaica 61,548 May Pen
0%
Eritrea 20,391 Mendefera
0%
Palau 1000 Meyungs
0%
Eswatini 3,645 Mhlume
0%
Equatorial Guinea 5,327 Micomeseng
0%
Azerbaijan 119,977 Mingechevir
0%
Comoros 11,955 Mirontsi
0%
Gabon 59,154 Moanda
0%
Botswana 50,321 Mochudi
0%
Botswana 88,004 Mogoditshane
0%
Equatorial Guinea 5,791 Mongomo
0%
Sri Lanka 168,280 Moratuwa
0%
Trinidad and Tobago 17,591 Morvant
0%
Gabon 36,061 Mouila
0%
Comoros 5,470 Mrémani
0%
Malta 15,815 Msida
0%
Laos 38,388 Muang Khammouan
0%
Kuwait 250,135 Mubarak al Kabeer
0%
Uganda 191,300 Mukono
0%
Brunei 5,981 Mulaut
0%
Solomon Islands 3,144 Munda Nusa Roviana
0%
Bahamas 1,938 Murphy Town
0%
Comoros 26,313 Mutsamudu
0%
Lebanon 25,000 Nabatieh
0%
Maldives 4,832 Naifaru
0%
Kenya 198,444 Naivasha
0%
Mongolia 38,929 Nalajch
0%
Tonga 3,825 Neiafu
0%
Gambia 28,651 Nema Kunku
0%
Sao Tome and Principe 8,391 Neves
0%
Bhutan 5,418 Nganglam
0%
Palau 1196 Ngermid
0%
Burundi 39,884 Ngozi
0%
Eswatini 10,456 Nhlangano
0%
Benin 66,109 Nikki
0%
Uganda 178,800 Njeru
0%
Republic of the Congo 104,083 Nkayi
0%
Cameroon 104,050 Nkongsamba
0%
Vanuatu 2998 Norsup
0%
Togo 35,039 Notsé
0%
Gabon 51,954 Ntoum
0%
Tonga 2,104 Nukunuku
0%
Rwanda 25,417 Nyanza
0%
Namibia 45,182 Okahandja
0%
Mongolia 39,711 Ölgij
0%
Namibia 58,656 Oshakati
0%
Namibia 49,022 Otjiwarongo
0%
Burkina Faso 124,587 Ouahigouya
0%
Comoros 10,073 Ouani
0%
Laos 35,289 Oudomxai
0%
Republic of the Congo 75,095 Ouesso
0%
Republic of the Congo 48,642 Owando
0%
Gabon 79,300 Owendo
0%
Botswana 52,636 Palapye
0%
Tajikistan 43,800 Pançakent
0%
Vanuatu 2485 Pango
0%
East Timor 15,240 Pante Macassar
0%
Sao Tome and Principe 3,391 Pantufo
0%
Cape Verde 10,038 Pedra Badejo
0%
Seychelles 6,209 Perseverance
0%
Laos 34,442 Phiang
0%
Laos 30,805 Phonhong
0%
Eswatini 5,389 Pigg's Peak
0%
Liberia 23,464 Pleebo
0%
Dominica 1,664 Pointe Michel
0%
Cambodia 79,475 Poipet
0%
Papua New Guinea 12,600 Popondetta
0%
Tonga 2,335 Popua
0%
Burkina Faso 96,469 Pouytenga
0%
Afghanistan 123,700 Pul-e Khumrī
0%
Cambodia 62,469 Pursat
0%
Lesotho 18,282 Qacha's Nek
0%
Mauritius 71,076 Quatre-Bornes
0%
Lesotho 32,382 Quthing
0%
Marshall Islands 4,653 Rairok
0%
Fiji 5,964 Rakiraki
0%
Tunisia 124,000 Raoued
0%
Qatar 74,576 Rawḍat Rāshid
0%
Equatorial Guinea 5,445 Rebola
0%
South Sudan 69,079 Renk
0%
Senegal 295,459 Rufisque
0%
Rwanda 68,930 Ruhengeri
0%
Burundi 35,931 Rumonge
0%
Zimbabwe 94,078 Ruwa
0%
Burkina Faso 136,011 Saaba
0%
Yemen 51,870 Ṣa'dah
0%
Jordan 169,434 Saḥāb
0%
Laos 31,482 Sainyabuli
0%
Malawi 36,789 Salima
0%
Cape Verde 10,936 Sal Rei
0%
Madagascar 84,039 Sambava
0%
Bhutan 9,325 Samdrup Jongkhar
0%
Bhutan 5,396 Samtse
0%
Luxembourg 18,532 Sanem
0%
Malta 15,697 San Ġwann
0%
Guatemala 155,965 San Juan Sacatepéquez
0%
Costa Rica 57,500 San Rafael de Alajuela
0%
Andorra 3,323 Santa Coloma d'Andorra
0%
Cape Verde 10,097 São Filipe
0%
Sao Tome and Principe 2,249 São João dos Angolares
0%
North Korea 271,434 Sariwŏn
0%
Angola 393,000 Saurimo
0%
Luxembourg 11,517 Schifflange
0%
Tuvalu 1,122 Senala
0%
Cambodia 78,839 Serei Saophoan
0%
Botswana 55,676 Serowe
0%
Ethiopia 208,400 Shashemene
0%
Afghanistan 93,600 Sheberghān
0%
Tunisia 130,255 Sidi Hassine
0%
Guinea 127,492 Siguiri
0%
Comoros 8,737 Sima
0%
Eswatini 3,173 Simunye
0%
Eswatini 3,663 Siteki
0%
Samoa 3,567 Siusega
0%
Zambia 301,370 Solwezi
0%
Mauritius 16,025 St. Pierre
0%
Cyprus 70,823 Stróvolos
0%
East Timor 10,660 Suai
0%
Gambia 47,048 Sukuta
0%
Kuwait 76,829 Sulaibekhat
0%
Kuwait 87,000 Sulaibiah
0%
North Korea 250,738 Sunch'ŏn
0%
Haiti 99,011 Tabarre
0%
Djibouti 18,808 Tadjourah
0%
Niger 117,826 Tahoua
0%
Cambodia 91,344 Ta Khmao
0%
Gambia 40,562 Talinding
0%
Solomon Islands 24,592 Tandai
0%
Brunei 3,838 Tanjong Nangka
0%
Cape Verde 13,483 Tarrafal
0%
Kiribati 6,007 Teaoraereke
0%
Turkmenistan 67,488 Tejen
0%
Tuvalu 665 Tekavatoetoe
0%
Kiribati 5,495 Temwaiku
0%
Tuvalu 718 Teone
0%
Niger 43,409 Tessaoua
0%
Lesotho 26,043 Teyateyaneng
0%
Lesotho 16,010 Thaba-Tseka
0%
Kenya 251,407 Thika
0%
Maldives 6,217 Thinadhoo
0%
Vietnam 588,616 Thuan An
0%
Jordan 251,000 Tilā' al-'Alī
0%
Botswana 55,508 Tlokweng
0%
Samoa 2,401 Toamua
0%
Tonga 3,467 Tofoa-Koloua
0%
Mauritius 23,179 Triolet
0%
Comoros 12,590 Tsémbéhou
0%
Togo 54,474 Tsévié
0%
Namibia 34,960 Tsumeb
0%
Solomon Islands 1,481 Tulagi
0%
Tajikistan 57,800 Tursunzoda
0%
Brunei 8,596 Tutong
0%
Qatar 149,701 Umm Ṣalāl Muḥammad
0%
Kyrgyzstan 61,773 Uzgen
0%
Armenia 44,837 Vagharshapat
0%
Tajikistan 54,400 Vahdat
0%
Tuvalu 6,497 Vaiaku
0%
Tuvalu 462 Vaiaku
0%
Samoa 3,284 Vailele
0%
Tonga 3,295 Vainī
0%
Samoa 2,596 Vaiusu
0%
Papua New Guinea 13,970 Vanimo
0%
Maldives 6,755 Vilin'gili
0%
Jordan 241,830 Wadi Essier
0%
Bhutan 8,954 Wangdue
0%
Marshall Islands 765 Woja
0%
Marshall Islands 723 Wotje
0%
South Sudan 105,881 Yambio
0%
Libya 141,653 Zawiya
0%
Taiwan 223,017 Zhubei
0%
Libya 166,350 Zliten
0%
Malawi 105,013 Zomba
0%
Liberia 25,349 Zwedru
0%
No matching quizzes found
Score Distribution
Percent of People with Each Score
Percentile by Number Answered
Your Score History
You have not taken this quiz